HFCS špeciál 3: Výsledky z celoeurópskej vlny 2021

Európska centrálna banka (ECB) nedávno zverejnila výsledky zo 4-tej vlny (2021) celoeurópskeho Zisťovania o financiách a spotrebe domácností (Household Finance and Consumption Survey, HFCS), ktorého súčasťou je aj Slovensko. Tento komentár približuje hlavné výsledky zisťovania a taktiež porovnáva fi...

ver descrição completa

Na minha lista:
Detalhes bibliográficos
Autor principal: Cupak, Andrej, 1988-
Outros Autores: Jurašeková Kucserová, Judita, Strachotová, Anna
Formato: Capítulo de Livro
Idioma:eslovaco
Assuntos:
Tags: Adicionar Tag
Sem tags, seja o primeiro a adicionar uma tag!

MARC

LEADER 00000naa a2200000 4500
001 0297441
005 20241106134633.6
041 0 |a slo 
044 |a SK 
245 1 0 |a HFCS špeciál 3: Výsledky z celoeurópskej vlny 2021  |c Andrej Cupak, Judita Jurašeková Kucserová, Anna Strachotová 
520 |a Európska centrálna banka (ECB) nedávno zverejnila výsledky zo 4-tej vlny (2021) celoeurópskeho Zisťovania o financiách a spotrebe domácností (Household Finance and Consumption Survey, HFCS), ktorého súčasťou je aj Slovensko. Tento komentár približuje hlavné výsledky zisťovania a taktiež porovnáva finančnú situáciu slovenských domácností s ostatnými európskymi krajinami. 
610 2 0 |a spotreba domácností 
610 2 0 |a financie 
610 2 0 |a eurozóna 
610 2 0 |a dlhy 
100 1 |a Cupak, Andrej, 1988- 
700 1 |a Jurašeková Kucserová, Judita 
700 1 |a Strachotová, Anna